Information systems for management : (Record no. 6679)

MARC details
000 -LEADER
fixed length control field 00681nam a22002177a 4500
003 - CONTROL NUMBER IDENTIFIER
control field OSt
005 - DATE AND TIME OF LATEST TRANSACTION
control field 20251202084610.0
008 - FIXED-LENGTH DATA ELEMENTS--GENERAL INFORMATION
fixed length control field 251202b |||||||| |||| 00| 0 eng d
020 ## - INTERNATIONAL STANDARD BOOK NUMBER
International Standard Book Number 0-256-09390-3.
040 ## - CATALOGING SOURCE
Original cataloging agency DWCL-Main lib
Transcribing agency OC
082 ## - DEWEY DECIMAL CLASSIFICATION NUMBER
Edition number 4th ed.
Classification number Circ. 658.054 In43i 1991
100 ## - MAIN ENTRY--PERSONAL NAME
Personal name Watson, Hugh J.
245 ## - TITLE STATEMENT
Title Information systems for management :
Remainder of title a book of readings/
Statement of responsibility, etc. Watson, Hugh J.
260 ## - PUBLICATION, DISTRIBUTION, ETC.
Place of publication, distribution, etc. Illinois :
Name of publisher, distributor, etc. Irwin,
Date of publication, distribution, etc. c1991.
300 ## - PHYSICAL DESCRIPTION
Extent xi, 436 p. :
Other physical details ill. ;
Dimensions 23 cm.
650 ## - SUBJECT ADDED ENTRY--TOPICAL TERM
Topical term or geographic name entry element Business-Data processing.
650 ## - SUBJECT ADDED ENTRY--TOPICAL TERM
Topical term or geographic name entry element Management information systems.
700 ## - ADDED ENTRY--PERSONAL NAME
Personal name Carroll Archie B.
700 ## - ADDED ENTRY--PERSONAL NAME
Personal name Mann, Robert I.
942 ## - ADDED ENTRY ELEMENTS (KOHA)
Source of classification or shelving scheme Dewey Decimal Classification
Koha item type Book Circulation
Edition 4th ed.
Call number prefix Circ.
Suppress in OPAC No
952 ## - LOCATION AND ITEM INFORMATION (KOHA)
--
Holdings
Withdrawn status Lost status Source of classification or shelving scheme Damaged status Not for loan Home library Current library Shelving location Date acquired Source of acquisition Cost, normal purchase price Total Checkouts Full call number Barcode Date last seen Copy number Price effective from Koha item type Uniform Resource Identifier
    Dewey Decimal Classification     College Library College Library Circulation 06/01/2007 Donation 0.00   Circ. 658.054 In43i 1991 CL44611 12/02/2025 c1 12/02/2025 BK-CIRC